000 01038nam0a22002891 4500
001 rc\3572139
005 20250610073716.0
021 _aRU
_b[71-96870]
035 _a(NLR Aleph) 007800954
090 _a7682607
_c7682607
100 _a20130115d1971 |||y0rusy50 ca
101 0 _arus
102 _aRU
105 _aa z |||||
200 1 _aОт Буга до Волги
_eЗаписки воен. лет.
_f[Лит. обраб. Б. Кизнера]
210 _aСаратов
_cПриволж. кн. изд-во
_d1971
215 _a133 с.
_cил.
_d17
606 _aДружба народов
_2psbo
606 _aКолхозы
_yХмельницкая область
_xИстория
_z1941-1945
_2psbo
606 _aКолхозы
_yСаратовская область
_xИстория
_z1941-1945
_2psbo
700 1 _aПавлик
_bГ.У.
_gГригорий Ульянович
702 1 _aКизнер
_bБ.
_4570
801 0 _aRU
_bNLR
_gpsbo
801 1 _aRU
_bELAR
_2rusmarc
852 _aNLR
_j71-2/2743
942 _cBOOK
980 _aNB